000 01601cam a2200397 i 4500
003 DO-SdBNP
005 20240215142851.0
007 ta
008 751003s2017 gt o 000 f spa d
020 _a9789929559370
040 _aDO-SdBNP
_bspa
_cBNPHU
_erda
082 4 _bC352v
_222
100 1 _aCastillo Barrios, Ana Luz
_984421
245 1 3 _aEl valor económico de la semana santa en la Antigua Guatemala /
_cAna Luz Castillo Barrios, Mario García Lara, Luisa Fernanda González Pérez, Julio Solórzano Foppa ; Grupo Satélite ; prólogo Ernesto Piedras Feria
264 1 _aGuatemala :
_bCultura,
_c2017.
300 _a209 páginas
_c21 cm.
_bfotografías
336 _2rdacontent
_atexto
_btxt
337 _2rdamedia
_asin mediación
_bn
338 _2rdacarrier
_avolumen
_bnc
490 1 _aEnsayo
490 1 _aEconomía y cultura
_v1
504 _aBibliografía p: 147-152
590 _aInventariado, 2023/ YL
650 4 _aSemana Santa
_xAspectos económicos
_zGuatemala
_zAntigua
_984422
650 4 _aFestivales
_xAspectos económicos
_zGuatemala
_zAntigua
_984423
650 4 _aTurismo
_zGuatemala
_zAntigua
_984424
650 4 _aSemana Santa
_zGuatemala
_z Antigua
_984425
651 4 _aAntigua (Guatemala)
_xVida religiosa y costumbres
_984426
651 4 _aAntigua (Guatemala)
_xCondiciones económicas
_984427
700 1 _aGarcía Lara, Mario
_eautor
_984428
700 1 _aGonzález Pérez, Luisa Fernanda
_eautor
_984429
700 1 _aSolórzano Foppa, Julio
_eautor
_984430
710 _aGrupo Satélite
_984431
910 _aYlockward
942 _2ddc
_cLBS1
999 _c55122
_d55122